Wildlife in New Mexico - Statistics

General Stats
  • This quiz has been taken 19 times
    12 since last reset
  • The average score is 16 of 46
Answer Stats
Hint Answer % Correct
mammal Bobcat
100%
reptile Rattlesnake
100%
mammal Black bear
80%
mammal Coyote
80%
reptile Gila monster
80%
mammal Mountain lion
60%
mammal Raccoon
60%
bird Roadrunner
60%
invertebrates Tarantula
60%
mammal Wolf
60%
mammal Armadillo
40%
mammal beaver
40%
mammal Bison
40%
mammal Elk
40%
mammal Fox
40%
mammal Jackrabbit
40%
mammal Jaguar
40%
mammal Kangaroo rat
40%
mammal Mule deer
40%
mammal Porcupine
40%
mammal Pronghorn
40%
mammal Ring-tailed cat
40%
invertebrates Scorpion
40%
mammal Skunk
40%
mammal Squirrel
40%
bird Turkey
40%
bird Vulture
40%
mammal Badger
20%
mammal Bat
20%
mammal Coati
20%
mammal Moose
20%
mammal Muskrat
20%
mammal Opossum
20%
mammal Otter
20%
mammal Prairie dog
20%
mammal Weasel
20%
mammal White-tailed deer
20%
invertebrates Black widow spider
0%
invertebrates Centipede
0%
mammal Chipmunk
0%
mammal Ferret
0%
reptile Horned toad
0%
mammal Marmot
0%
bird Owl
0%
mammal Peccery
0%
bird Quail
0%
No matching quizzes found
Score Distribution
Percent of People with Each Score
Percentile by Number Answered
Your Score History
You have not taken this quiz since the last reset